|
|
|
|
| LEADER |
01629nam a2200337 a 4500 |
| 001 |
c000168354 |
| 003 |
CARM |
| 005 |
19930611000000.0 |
| 008 |
821214s1962 rura 000 0 rus d |
| 019 |
1 |
|
|a 2570169
|z 12416486
|5 LACONCORD2021
|
| 035 |
|
|
|a (OCoLC)220302707
|5 LACONCORD2021
|
| 040 |
|
|
|a VCAV
|b eng
|c VCAV
|d ABN:1
|
| 041 |
0 |
|
|a rus
|b eng
|
| 043 |
|
|
|a e-urn--
|
| 100 |
1 |
|
|a Vinogradov, O. N.
|
| 245 |
1 |
0 |
|a Zemli︠a︡ Frant︠s︡a-Iosifa :
|b gli︠a︡t︠s︡iogeomorfologii︠a︡, dvizhenie lednikov /
|c O.N. Vinogradov, M.G. Grosval'd.
|
| 246 |
3 |
|
|a Franz Joseph Land : glacial morphology, ice flow.
|
| 260 |
|
|
|a Moskva :
|b VINITI,
|c 1962.
|
| 300 |
|
|
|a 146 p., [4] folded leaves :
|b ill. ;
|c 29 cm.
|
| 440 |
|
0 |
|a Materialy gli︠a︡t︠s︡iologicheskikh issledovaniĭ.
|
| 500 |
|
|
|a Summary and table of contents also in English.
|
| 500 |
|
|
|a Title on added t.p.: Franz Joseph Land : glacial morphology, ice flow.
|
| 500 |
|
|
|a At head of title: Mezhdunarodnyĭ geofizicheskiĭ god 1957-1958-1959. Institut geografii Akademii nauk SSSR.
|
| 500 |
|
|
|a On cover: Mezhduvedomstvennyĭ geofizicheskiĭ komitet pri Prezidiume Akademiĭ nauk SSSR.
|
| 650 |
|
0 |
|a Glaciers
|z Russia (Federation)
|z Franz Josef Land.
|
| 650 |
|
0 |
|a Ice
|z Russia (Federation)
|z Franz Josef Land.
|
| 650 |
|
0 |
|a Physical geography
|z Russia (Federation)
|z Franz Josef Land.
|
| 700 |
1 |
|
|a Grosval'd, M.G.
|
| 852 |
8 |
|
|b CARM
|h A3:AB36C0
|i D06536
|p 0217979
|f BK
|
| 999 |
f |
f |
|i cd4d2a30-9e2b-58d0-872f-a49028ebc4fe
|s 83805266-5816-5ed5-8ae5-7e9312051166
|
| 952 |
f |
f |
|p Can circulate
|a CAVAL
|b CAVAL
|c CAVAL
|d CARM 1 Store
|e D06536
|f A3:AB36C0
|h Other scheme
|i book
|m 0217979
|